[Event "C.to Provinciale MI"]
[Site "Milano ITA"]
[Date "2013.01.25"]
[Round "2"]
[White "Calabrese, Maurizio"]
[Black "Aloe, Giancarlo"]
[WhiteElo "1518"]
[BlackElo "1679"]
[Result "0-1"]
[PlyCount "116"]
[EventDate "2013.01.24"]

1. e4 c5 2. Nf3 d6 3. d4 cxd4 4. Nxd4 Nf6 5. Nc3 a6 6. a3 Nc6 7. Be3 e6 8. Nxc6
bxc6 9. Be2 Be7 10. f4 Qc7 11. O-O O-O 12. Qe1 Bb7 13. Rd1 c5 14. Bf3 Rab8 15.
e5 dxe5 16. Bxb7 Rxb7 17. fxe5 Qxe5 18. Na4 Ng4 19. Bf4 Qxe1 20. Rfxe1 c4 21.
Bd6 Nf6 22. c3 Re8 23. Nc5 Ra7 24. Bxe7 Raxe7 25. Rd6 a5 26. Rd4 h6 27. Rxc4
Rc7 28. b4 axb4 29. cxb4 Nd5 30. Rd4 Ra8 31. a4 Nxb4 32. Nxe6 fxe6 33. Rxb4 Kf7
34. g4 g5 35. Rbe4 Re7 36. Kf2 Ra6 37. R1e3 Kg6 38. Ra3 Ra5 39. Ke3 h5 40. h3
hxg4 41. hxg4 Kf6 42. Kd4 Rea7 43. Kc3 e5 44. Rc4 Ke6 45. Kb4 Kd6 46. Rc8 e4
47. Rd8+ Ke5 48. Rf8 Kd4 49. Rb8 Re5 50. Rd8+ Rd5 51. Rxd5+ Kxd5 52. Kb5 Rb7+
53. Ka6 Rb1 54. Rg3 Kd4 55. a5 e3 56. Ka7 e2 57. a6 e1=Q 58. Ka8 Qa5 0-1

[Event "C.to Provinciale MI"]
[Site "Milano ITA"]
[Date "2013.01.25"]
[Round "2"]
[White "Mazzoccoli, Simone"]
[Black "Carli, Federico"]
[WhiteElo "1678"]
[BlackElo "1437"]
[Result "1-0"]
[PlyCount "101"]
[EventDate "2013.01.24"]

1. e4 e5 2. Nf3 Nc6 3. d4 exd4 4. Nxd4 Bc5 5. Nxc6 bxc6 6. Bd3 d6 7. O-O Nf6 8.
h3 h6 9. Nc3 O-O 10. Bf4 Be6 11. Qf3 Bd4 12. Ba6 Rb8 13. Rfb1 Rb6 14. Bd3 Qb8
15. Be3 Bxe3 16. Qxe3 Rxb2 17. Qc1 Rxb1 18. Rxb1 Qc8 19. Qa3 Qa8 20. Qa5 Ne8
21. Ba6 Bc8 22. Bxc8 Qxc8 23. Qxa7 Qd7 24. Rb7 d5 25. exd5 cxd5 26. Nb5 Nd6 27.
Nxd6 Qxd6 28. Rxc7 Re8 29. Qa5 Re1+ 30. Qxe1 Qxc7 31. Qd2 Qe5 32. c3 Qe4 33. a3
Qb1+ 34. Kh2 Qb3 35. Qc1 Qb8+ 36. Kg1 Qd6 37. Qa1 Qc5 38. a4 Qa5 39. Qa3 Kh7
40. Qb4 Qa6 41. Qb5 Qe6 42. Kf1 Qe4 43. a5 Qc2 44. Qxd5 Qxc3 45. Qa2 Qc1+ 46.
Ke2 Qf4 47. a6 Qe4+ 48. Kf1 Qa8 49. a7 f6 50. Qb1+ g6 51. Qb8 1-0

[Event "C.to Provinciale MI"]
[Site "Milano ITA"]
[Date "2013.01.25"]
[Round "2"]
[White "Campa, Livio"]
[Black "Ragoso, Mario"]
[WhiteElo "1440"]
[BlackElo "1642"]
[Result "0-1"]
[PlyCount "38"]
[EventDate "2013.01.24"]

1. c4 Nf6 2. d4 g6 3. Nc3 Bg7 4. Nf3 d6 5. e4 O-O 6. h3 e5 7. dxe5 dxe5 8. Qxd8
Rxd8 9. Nxe5 Nxe4 10. Nxe4 Bxe5 11. Bg5 Re8 12. Be2 Bf5 13. Nf6+ Bxf6 14. Bxf6
Bd3 15. Kd2 Bxe2 16. Rae1 Nd7 17. Rxe2 Rxe2+ 18. Kxe2 Re8+ 19. Kf3 Nxf6 0-1

[Event "C.to Provinciale MI"]
[Site "Milano ITA"]
[Date "2013.01.25"]
[Round "2"]
[White "Ruggeri, Igor"]
[Black "Tramontano, Fulvio"]
[WhiteElo "1601"]
[BlackElo "1428"]
[Result "1-0"]
[PlyCount "41"]
[EventDate "2013.01.24"]

1. d4 d5 2. c4 Nf6 3. cxd5 Nxd5 4. e4 Nf6 5. Bd3 e6 6. Nf3 Be7 7. O-O O-O 8.
Qc2 Nfd7 9. Bf4 b6 10. Bxc7 Qe8 11. e5 f5 12. exf6 Nxf6 13. Nbd2 Qc6 14. Rac1
Qxc2 15. Rxc2 Nd5 16. a3 Bd7 17. Ne5 Nxc7 18. Nxd7 Rc8 19. Be4 Nxd7 20. Bxa8
Bd8 21. Bc6 1-0

[Event "C.to Provinciale MI"]
[Site "Milano ITA"]
[Date "2013.01.25"]
[Round "2"]
[White "Cagnotto, Marco"]
[Black "Marchesotti, Giovanni"]
[WhiteElo "1434"]
[BlackElo "1565"]
[Result "1/2-1/2"]
[PlyCount "47"]
[EventDate "2013.01.24"]

1. e4 d6 2. d4 g6 3. Nf3 Bg7 4. Bc4 Nf6 5. Nc3 O-O 6. O-O Nc6 7. Be3 e5 8. dxe5
Nxe5 9. Nxe5 dxe5 10. Qxd8 Rxd8 11. Rad1 Bd7 12. Rd2 Bc6 13. f3 Rxd2 14. Bxd2
Rd8 15. Rd1 b6 16. Kf2 Bf8 17. Ke2 Be7 18. Be3 Rxd1 19. Kxd1 Kg7 20. Kd2 Nd7
21. Bd5 Bxd5 22. Nxd5 Bd6 23. Bg5 f6 24. Be3 1/2-1/2

[Event "C.to Provinciale MI"]
[Site "Milano ITA"]
[Date "2013.01.25"]
[Round "2"]
[White "Pipitone, Filippo Massimo"]
[Black "Verderame, Alberto"]
[WhiteElo "1560"]
[BlackElo "1403"]
[Result "1/2-1/2"]
[PlyCount "88"]
[EventDate "2013.01.24"]

1. d4 d5 2. Nf3 c6 3. e3 Bf5 4. Bd3 Bg6 5. O-O Nd7 6. b3 Ngf6 7. Bb2 Qc7 8. Qe2
Bh5 9. h3 Bxf3 10. Qxf3 e5 11. Qd1 Bd6 12. Nd2 O-O 13. c4 e4 14. Be2 c5 15.
cxd5 Rae8 16. dxc5 Bxc5 17. Rc1 Nxd5 18. Nc4 N7f6 19. Be5 Qe7 20. Bxf6 Nxf6 21.
Ra1 b5 22. Nb2 a6 23. a4 Qe5 24. Ra2 Bd6 25. g3 h5 26. h4 Nd5 27. Qd4 Qf5 28.
Nd1 Re6 29. axb5 Rg6 30. Kg2 axb5 31. Ra5 Nc7 32. Nc3 Ne6 33. Qxe4 Qf6 34. Nxb5
Nc5 35. Qd4 Nb7 36. Qxf6 Rxf6 37. Ra7 Rb8 38. Nxd6 Nxd6 39. Bxh5 Rxb3 40. Ra6
Rb2 41. Bf3 Nf5 42. Rxf6 Nxe3+ 43. Kg1 Nxf1 44. Kxf1 gxf6 1/2-1/2

[Event "C.to Provinciale MI"]
[Site "Milano ITA"]
[Date "2013.01.25"]
[Round "2"]
[White "Iacopini, Federico"]
[Black "Vignati, Andrea"]
[WhiteElo "1413"]
[BlackElo "1560"]
[Result "0-1"]
[PlyCount "23"]
[EventDate "2013.01.24"]

1. c4 e6 2. g3 d5 3. b3 Nf6 4. Nc3 g6 5. Bg2 Bg7 6. Nf3 O-O 7. d3 Ne4 8. Nxe4
dxe4 9. Nd2 Bxa1 10. Ba3 Bg7 11. Bxf8 Bxf8 12. Bxe4 0-1

[Event "C.to Provinciale MI"]
[Site "Milano ITA"]
[Date "2013.01.25"]
[Round "2"]
[White "Russo, Luca"]
[Black "Frignani, Alessandro"]
[WhiteElo "1551"]
[BlackElo "1327"]
[Result "1-0"]
[PlyCount "79"]
[EventDate "2013.01.24"]

1. d4 d5 2. c4 c6 3. cxd5 Qxd5 4. Nc3 Qd7 5. Nf3 f6 6. e4 e6 7. Bc4 Bb4 8. O-O
Ne7 9. Bd2 O-O 10. Qb3 Bxc3 11. Bxc3 b5 12. Bd3 Na6 13. Qc2 Nc7 14. Rae1 a5 15.
a3 Bb7 16. e5 f5 17. Ng5 Ncd5 18. Bd2 Ng6 19. Nh3 Nde7 20. Nf4 Nxf4 21. Bxf4
Qxd4 22. Bg3 Rfd8 23. Rd1 Qb6 24. Bh4 Kf8 25. Rfe1 c5 26. Re3 Qc6 27. Rg3 Rd7
28. Qe2 c4 29. Bc2 g6 30. Qe3 Ng8 31. Rxd7 Qxd7 32. Qc5+ Kf7 33. h3 Rc8 34. Qe3
Qd5 35. Qb6 Ra8 36. Qc7+ Ke8 37. Qxh7 Qxe5 38. Qxg8+ Kd7 39. Qf7+ Kc6 40. Rxg6
1-0

[Event "C.to Provinciale MI"]
[Site "Milano ITA"]
[Date "2013.01.25"]
[Round "2"]
[White "Colombo, Abner"]
[Black "Prevedello, Daniele"]
[WhiteElo "1356"]
[BlackElo "1527"]
[Result "0-1"]
[PlyCount "40"]
[EventDate "2013.01.24"]

1. e4 c5 2. Nf3 g6 3. d4 cxd4 4. Nxd4 Bg7 5. Be3 Nc6 6. c3 Nf6 7. Nxc6 dxc6 8.
Qxd8+ Kxd8 9. f3 Ne8 10. Bc4 Nd6 11. Nd2 Kc7 12. O-O-O Nxc4 13. Nxc4 Be6 14.
Bf4+ Kc8 15. Na5 Bxa2 16. Nxb7 Bb3 17. Nd6+ exd6 18. Rxd6 Kb7 19. Rd7+ Ka6 20.
Rxf7 Bxf7 0-1

[Event "C.to Provinciale MI"]
[Site "Milano ITA"]
[Date "2013.01.26"]
[Round "4"]
[White "Miracola, Giorgia"]
[Black "Vezzosi, Paolo"]
[WhiteElo "1874"]
[BlackElo "2303"]
[Result "0-1"]
[PlyCount "62"]
[EventDate "2013.01.24"]

1. Nf3 d5 2. g3 c6 3. Bg2 Bg4 4. d4 Nd7 5. O-O e6 6. c4 Bd6 7. Nc3 Ngf6 8. Qb3
Qb8 9. cxd5 cxd5 10. Nb5 O-O 11. Nxd6 Qxd6 12. Bf4 Qa6 13. Rac1 Rfc8 14. e3 Ne4
15. Qb4 Bxf3 16. Bxf3 Nb6 17. Bxe4 dxe4 18. Bd6 Qxa2 19. b3 Qa6 20. Ra1 Nd5 21.
Rxa6 Nxb4 22. Ra4 Nd5 23. Rfa1 a6 24. g4 f6 25. h4 Rc6 26. Bc5 Rac8 27. Ba3 Kf7
28. Kg2 Rc2 29. Kg3 R8c3 30. b4 g5 31. hxg5 fxg5 0-1

[Event "C.to Provinciale MI"]
[Site "Milano ITA"]
[Date "2013.01.26"]
[Round "4"]
[White "Mariano, Elia"]
[Black "Cerioni, Armando"]
[WhiteElo "2162"]
[BlackElo "1991"]
[Result "1-0"]
[PlyCount "43"]
[EventDate "2013.01.24"]

1. d4 Nf6 2. c4 e6 3. Nf3 b6 4. g3 Ba6 5. b3 b5 6. cxb5 Bxb5 7. Bg2 d5 8. O-O
c5 9. Nc3 Ba6 10. Re1 Nc6 11. Bb2 Bb7 12. e4 dxe4 13. Nxe4 Nxe4 14. Rxe4 Nxd4
15. Nxd4 cxd4 16. Rxd4 Qb6 17. Bxb7 Qxb7 18. Rc1 Rc8 19. Rxc8+ Qxc8 20. Qf3 f6
21. Qh5+ g6 22. Qb5+ 1-0

[Event "C.to Provinciale MI"]
[Site "Milano ITA"]
[Date "2013.01.26"]
[Round "4"]
[White "Andreoni, Giuseppe"]
[Black "Pelizzola, Danilo"]
[WhiteElo "2121"]
[BlackElo "2084"]
[Result "1/2-1/2"]
[PlyCount "35"]
[EventDate "2013.01.24"]

1. e4 e5 2. Nf3 Nc6 3. Bb5 a6 4. Ba4 Nf6 5. O-O Be7 6. Re1 b5 7. Bb3 O-O 8. a4
Bb7 9. d3 d6 10. Nc3 b4 11. Nd5 a5 12. Nxe7+ Nxe7 13. Bg5 Ng6 14. Qd2 c5 15. c3
Rc8 16. h3 Rc7 17. cxb4 axb4 18. Rac1 1/2-1/2

[Event "C.to Provinciale MI"]
[Site "Milano ITA"]
[Date "2013.01.26"]
[Round "4"]
[White "Marcangeli, Alessandro"]
[Black "Iudicello, Giovanni"]
[WhiteElo "1795"]
[BlackElo "2130"]
[Result "0-1"]
[PlyCount "106"]
[EventDate "2013.01.24"]

1. d4 Nf6 2. Nf3 g6 3. Bf4 Bg7 4. e3 d6 5. c3 O-O 6. Nbd2 Nbd7 7. h3 Qe8 8. Be2
e5 9. dxe5 dxe5 10. Bh2 Qe7 11. Nc4 Ne8 12. O-O e4 13. Nd4 Nb6 14. Nxb6 axb6
15. a4 Nd6 16. Qc2 Be5 17. Bxe5 Qxe5 18. Rad1 Bd7 19. b3 Rad8 20. c4 c6 21. Rd2
f5 22. Qd1 Bc8 23. Nc2 Nf7 24. Rd4 c5 25. Rd5 Qc3 26. Qb1 Be6 27. Rdd1 Rd2 28.
Rxd2 Qxd2 29. Bd1 Rd8 30. Na3 Qc3 31. Nb5 Qe5 32. Bc2 Bd7 33. Rd1 Bxb5 34.
Rxd8+ Nxd8 35. Qd1 Nf7 36. axb5 Qc3 37. Kf1 Kf8 38. Ke2 Ke7 39. Qd2 Qb2 40. f3
exf3+ 41. gxf3 Nd6 42. Bd1 Qe5 43. f4 Qe4 44. Kf2 Qh1 45. Bf3 Qxh3 46. Qd5 Qh4+
47. Kg2 Kd7 48. Qe5 Qe7 49. Qc3 Kc7 50. Bd5 g5 51. Qd3 g4 52. Kg3 h5 53. Qc3
h4+ 0-1

[Event "C.to Provinciale MI"]
[Site "Milano ITA"]
[Date "2013.01.26"]
[Round "4"]
[White "Colica, Daniele"]
[Black "Motola, Jacopo"]
[WhiteElo "1718"]
[BlackElo "2003"]
[Result "0-1"]
[PlyCount "94"]
[EventDate "2013.01.24"]

1. e4 Nf6 2. e5 Nd5 3. d4 d6 4. c4 Nb6 5. exd6 exd6 6. Nc3 Be7 7. Bd3 Nc6 8.
Nge2 Bf6 9. Be3 O-O 10. O-O Re8 11. Qd2 Nb4 12. Ne4 Nxd3 13. Nxf6+ Qxf6 14.
Qxd3 Bf5 15. Qc3 d5 16. b3 c6 17. Ng3 Bg6 18. Rac1 h5 19. Qd2 Qe6 20. c5 Nc8
21. Rfe1 Qd7 22. Bg5 f6 23. Rxe8+ Qxe8 24. Re1 Qd7 25. Be3 h4 26. Ne2 Ne7 27.
Nf4 Bf5 28. f3 Kf7 29. Bf2 Rh8 30. Re3 g5 31. Nd3 Ng6 32. g3 hxg3 33. Bxg3 Nh4
34. Qe2 Bxd3 35. Qxd3 Nf5 36. Re2 Nxg3 37. hxg3 Qh3 38. Rg2 Qh1+ 39. Kf2 Qa1
40. f4 Qxa2+ 41. Kg1 Qa1+ 42. Kf2 Qb2+ 43. Kg1 Qc1+ 44. Kf2 Rh1 45. fxg5 Qe1+
46. Kf3 Rf1+ 47. Kg4 Qe6+ 0-1

[Event "C.to Provinciale MI"]
[Site "Milano ITA"]
[Date "2013.01.26"]
[Round "4"]
[White "Petrone, Gianmario"]
[Black "Valdettaro, Filippo"]
[WhiteElo "1963"]
[BlackElo "1721"]
[Result "1/2-1/2"]
[PlyCount "50"]
[EventDate "2013.01.24"]

1. e4 e6 2. d4 d5 3. Nc3 Nf6 4. Bg5 Be7 5. e5 Nfd7 6. h4 c5 7. Bxe7 Qxe7 8. Nb5
Kd8 9. c3 Nc6 10. Nd6 f6 11. f4 a6 12. Nf3 b5 13. a3 cxd4 14. cxd4 Nb6 15. b3
Bd7 16. Nb7+ Ke8 17. Nd6+ Kd8 18. Nb7+ Ke8 19. Nc5 Kf7 20. Be2 Rhc8 21. Nb7 Rc7
22. Nd6+ Kg8 23. Qd2 Nc8 24. Nxc8 Raxc8 25. O-O Be8 1/2-1/2

[Event "C.to Provinciale MI"]
[Site "Milano ITA"]
[Date "2013.01.26"]
[Round "4"]
[White "Carito, Riccardo"]
[Black "Cetta, Andrea"]
[WhiteElo "1702"]
[BlackElo "1839"]
[Result "1/2-1/2"]
[PlyCount "44"]
[EventDate "2013.01.24"]

1. d4 Nf6 2. c4 g6 3. Nc3 d5 4. cxd5 Nxd5 5. e4 Nxc3 6. bxc3 Bg7 7. Bc4 c5 8.
Ne2 O-O 9. O-O Nc6 10. Be3 Na5 11. Bd3 b6 12. Qd2 e5 13. d5 Nb7 14. Bh6 Nd6 15.
Bxg7 Kxg7 16. f4 Qe7 17. fxe5 Qxe5 18. Qf4 Re8 19. Ng3 Bb7 20. c4 Rad8 21.
Qxe5+ Rxe5 22. Rf4 Rde8 1/2-1/2

[Event "C.to Provinciale MI"]
[Site "Milano ITA"]
[Date "2013.01.26"]
[Round "4"]
[White "Romagnoli, Thomas"]
[Black "Aloe, Giancarlo"]
[WhiteElo "1700"]
[BlackElo "1679"]
[Result "1-0"]
[PlyCount "65"]
[EventDate "2013.01.24"]

1. e4 c5 2. Nf3 d6 3. d4 cxd4 4. Nxd4 Nf6 5. Nc3 a6 6. Bc4 e6 7. Be3 Be7 8. O-O
Qc7 9. Bb3 O-O 10. Qd2 Nc6 11. f4 b5 12. a3 Bb7 13. Rae1 Na5 14. Bf2 Nc4 15.
Bxc4 Qxc4 16. Bg3 Rad8 17. Qd3 Qc5 18. Kh1 e5 19. Nb3 Qc7 20. Qe3 Nh5 21. f5
Nf6 22. Bh4 Ng4 23. Qg3 Bxh4 24. Qxh4 Nf6 25. Rf3 d5 26. exd5 Bxd5 27. Rg3 Kh8
28. Rxg7 Kxg7 29. Qg5+ Kh8 30. Qxf6+ Kg8 31. Re3 Bxg2+ 32. Kxg2 e4 33. Rg3+ 1-0

[Event "C.to Provinciale MI"]
[Site "Milano ITA"]
[Date "2013.01.26"]
[Round "4"]
[White "Mazzoccoli, Simone"]
[Black "Boer, Stefan"]
[WhiteElo "1678"]
[BlackElo "1903"]
[Result "1/2-1/2"]
[PlyCount "96"]
[EventDate "2013.01.24"]

1. e4 c6 2. d4 d5 3. exd5 cxd5 4. c4 Nf6 5. Nc3 e6 6. Nf3 Be7 7. c5 O-O 8. Bd3
b6 9. b4 a5 10. Na4 Nbd7 11. a3 axb4 12. axb4 bxc5 13. bxc5 e5 14. Nxe5 Nxe5
15. dxe5 Ne4 16. O-O Nxc5 17. Bc2 Bd7 18. Bb2 Nxa4 19. Bxa4 Bxa4 20. Rxa4 Rxa4
21. Qxa4 Qb6 22. Bd4 Qb7 23. Qa7 Qxa7 24. Bxa7 Ra8 25. Be3 Rd8 26. Rd1 g6 27.
Bd4 Bf8 28. f3 Rc8 29. Be3 Rd8 30. Bd4 Rc8 31. Be3 Rc3 32. Kf2 Bc5 33. Bxc5
Rxc5 34. Ke3 Kf8 35. Kd4 Rc2 36. Rg1 Rd2+ 37. Ke3 Ra2 38. Kd4 Rd2+ 39. Ke3 Ra2
40. Kd4 Ra5 41. Rc1 Ra2 42. Rg1 Ra5 43. Rc1 Ra2 44. Rg1 Ra5 45. Rc1 Ke7 46.
Rc7+ Ke6 47. Rc6+ Ke7 48. Rc7+ Ke6 1/2-1/2

[Event "C.to Provinciale MI"]
[Site "Milano ITA"]
[Date "2013.01.26"]
[Round "4"]
[White "Pipitone, Filippo Massimo"]
[Black "Podetti, Davide"]
[WhiteElo "1560"]
[BlackElo "1733"]
[Result "0-1"]
[PlyCount "84"]
[EventDate "2013.01.24"]

1. d4 Nf6 2. Nf3 e6 3. e3 c5 4. Bd3 d5 5. b3 Be7 6. Bb2 Nbd7 7. O-O O-O 8. Nbd2
b6 9. Ne5 Bb7 10. Qe2 Ne4 11. Rad1 Qc7 12. c4 f5 13. cxd5 Nxe5 14. dxe5 exd5
15. f4 Nxd2 16. Rxd2 Bc8 17. Bb1 Be6 18. Rf3 g6 19. Rh3 Rf7 20. Qf3 Rd8 21. Qg3
Kg7 22. Qf2 b5 23. Rf3 a5 24. h4 h5 25. Kh2 c4 26. Rc2 Qb7 27. Rg3 Bxh4 28.
Rxg6+ Kxg6 29. Qxh4 Qe7 30. Qg3+ Kh6 31. Qf3 Rg8 32. bxc4 bxc4 33. Bc3 Rb8 34.
Rc1 Qa3 35. Qd1 Rg7 36. Bd4 Rbg8 37. Rc2 Qe7 38. Qe1 Qd8 39. Rb2 a4 40. Rb6
Rxg2+ 41. Kh1 Rg1+ 42. Qxg1 Qh4+ 0-1

[Event "C.to Provinciale MI"]
[Site "Milano ITA"]
[Date "2013.01.26"]
[Round "4"]
[White "Scovazzi, Tullio"]
[Black "Vignati, Andrea"]
[WhiteElo "1692"]
[BlackElo "1560"]
[Result "1-0"]
[PlyCount "57"]
[EventDate "2013.01.24"]

1. e4 e5 2. Bc4 Nc6 3. Nc3 Nf6 4. Nf3 Bc5 5. O-O d6 6. h3 Be6 7. Bb3 Qd7 8. d3
Bxh3 9. gxh3 Qxh3 10. Nh2 Nd4 11. Be3 Nxb3 12. axb3 Bxe3 13. fxe3 Qxe3+ 14. Kh1
h5 15. Nd5 Nxd5 16. exd5 Qd4 17. Qf3 Rf8 18. c3 Qb6 19. b4 g6 20. Rae1 Kd7 21.
Qg2 c6 22. Rf6 Ke7 23. Ref1 cxd5 24. Qxd5 Qc6 25. Rxf7+ Rxf7 26. Rxf7+ Ke8 27.
Qxc6+ bxc6 28. Rg7 a5 29. Rg8+ 1-0

[Event "C.to Provinciale MI"]
[Site "Milano ITA"]
[Date "2013.01.26"]
[Round "4"]
[White "Russo, Luca"]
[Black "Libutti, Michele"]
[WhiteElo "1551"]
[BlackElo "1727"]
[Result "0-1"]
[PlyCount "82"]
[EventDate "2013.01.24"]

1. d4 Nf6 2. c4 g6 3. Nc3 Bg7 4. e4 d6 5. Nf3 O-O 6. Be2 e5 7. O-O Nc6 8. d5
Ne7 9. Ne1 Ne8 10. Nd3 f5 11. Bd2 Nf6 12. f3 f4 13. Rc1 g5 14. c5 Ng6 15. cxd6
cxd6 16. Nb5 Qb6+ 17. Nf2 Rf7 18. Qc2 Ne8 19. Kh1 a6 20. Na3 Qd8 21. Qb3 b5 22.
Nd3 h5 23. h3 g4 24. fxg4 hxg4 25. Bxg4 Bxg4 26. hxg4 Qh4+ 27. Kg1 Qxg4 28. Nf2
Qg5 29. Nh3 Qf6 30. Rc3 Nh4 31. Nc2 Qg6 32. Ne1 Nf6 33. Nxf4 exf4 34. Bxf4 Nxe4
35. Rh3 Qg4 36. Qe3 Re8 37. Rg3 Qd7 38. Rh3 Ng5 39. Qxe8+ Qxe8 40. Rxh4 Bd4+
41. Kh1 Qe2 0-1

[Event "C.to Provinciale MI"]
[Site "Milano ITA"]
[Date "2013.01.26"]
[Round "4"]
[White "Vece, Luigi"]
[Black "Calabrese, Maurizio"]
[WhiteElo "1681"]
[BlackElo "1518"]
[Result "1-0"]
[PlyCount "92"]
[EventDate "2013.01.24"]

1. d4 d5 2. Nf3 Bf5 3. c4 dxc4 4. Nc3 Nf6 5. Qa4+ Nbd7 6. Qxc4 c6 7. e3 e6 8.
Be2 Nb6 9. Qb3 Bd6 10. O-O Bg4 11. e4 Bc7 12. Rd1 Qe7 13. e5 Nfd5 14. Ne4 O-O
15. h3 Bh5 16. Ng3 Bg6 17. Bg5 Qb4 18. Qxb4 Nxb4 19. a3 N4d5 20. Rac1 h6 21.
Bd2 Rac8 22. Ne1 Nd7 23. b4 f6 24. exf6 Rxf6 25. Nd3 e5 26. dxe5 Nxe5 27. Nxe5
Bxe5 28. Bf3 Rd8 29. Ne4 Bxe4 30. Bxe4 Rfd6 31. Bf3 Nf6 32. Be3 Rxd1+ 33. Rxd1
Rxd1+ 34. Bxd1 a6 35. Kf1 Bb2 36. a4 Bc3 37. Bc5 Ne4 38. Bg4 Nxc5 39. bxc5 b5
40. cxb6 Be5 41. Ke2 Kf7 42. Kd3 Ke7 43. Kc4 Bd6 44. a5 g6 45. Bc8 g5 46. Bxa6
Kd8 1-0

[Event "C.to Provinciale MI"]
[Site "Milano ITA"]
[Date "2013.01.26"]
[Round "4"]
[White "Prevedello, Daniele"]
[Black "Ragoso, Mario"]
[WhiteElo "1527"]
[BlackElo "1642"]
[Result "1-0"]
[PlyCount "109"]
[EventDate "2013.01.24"]

1. c4 g6 2. Nc3 Nf6 3. Nf3 d6 4. g3 Bg7 5. Bg2 O-O 6. O-O e5 7. d3 Nbd7 8. Rb1
Re8 9. Qc2 a5 10. a3 Nc5 11. b4 axb4 12. axb4 Ne6 13. Bb2 c6 14. Ra1 Nd4 15.
Nxd4 Rxa1 16. Rxa1 exd4 17. Ne4 Nxe4 18. Bxe4 Qe7 19. Bf3 Bh3 20. b5 cxb5 21.
cxb5 Qe5 22. Qa4 h5 23. Qb4 Bg4 24. Bxg4 hxg4 25. e3 Qf5 26. Bxd4 Qxd3 27. Qa4
Bxd4 28. Rd1 Qe2 29. Qxd4 Qxb5 30. Qxd6 Qb2 31. Rd4 Re6 32. Qd8+ Kg7 33. Rxg4
b5 34. Qd4+ Qxd4 35. Rxd4 Rb6 36. Rb4 Kf6 37. Kf1 Ke6 38. Ke2 Kd5 39. Kd3 Kc5
40. Rf4 f6 41. Kc3 Ra6 42. h4 Rd6 43. g4 Rb6 44. h5 gxh5 45. gxh5 Kd5 46. h6
Ke6 47. Rh4 Rb8 48. h7 Rh8 49. Kb4 Kf7 50. Kxb5 Kg7 51. Kc5 Kg6 52. Kd5 Kg5 53.
Rh2 f5 54. Ke6 Kg6 55. Rg2+ 1-0

[Event "C.to Provinciale MI"]
[Site "Milano ITA"]
[Date "2013.01.26"]
[Round "4"]
[White "Ruggeri, Igor"]
[Black "Madaschi, Sergio"]
[WhiteElo "1601"]
[BlackElo "1511"]
[Result "1-0"]
[PlyCount "73"]
[EventDate "2013.01.24"]

1. d4 d5 2. c4 c6 3. e3 Nf6 4. Nf3 e6 5. Bd3 dxc4 6. Bxc4 b5 7. Bd3 Nbd7 8. O-O
Be7 9. Qc2 Bb7 10. Nbd2 O-O 11. e4 g6 12. e5 Nd5 13. a3 Qb6 14. Ne4 a5 15. Qd2
Rfc8 16. Qh6 Bf8 17. Qh4 Qd8 18. Bg5 Be7 19. Qh6 f5 20. Nf6+ N5xf6 21. exf6
Bxf6 22. Rfe1 Nf8 23. Rad1 Rc7 24. Qh4 Bxg5 25. Nxg5 Qf6 26. Bb1 Re8 27. Re3
Rce7 28. Ba2 Bc8 29. Rc1 Bd7 30. Qf4 Kg7 31. Nf3 h6 32. Ne5 g5 33. Nxd7 Rxd7
34. Qe5 Rxd4 35. Qc7+ Kg6 36. Qxc6 Rd2 37. Qxe8+ 1-0

[Event "C.to Provinciale MI"]
[Site "Milano ITA"]
[Date "2013.01.26"]
[Round "4"]
[White "Iacopini, Federico"]
[Black "Marchesotti, Giovanni"]
[WhiteElo "1413"]
[BlackElo "1565"]
[Result "1/2-1/2"]
[PlyCount "48"]
[EventDate "2013.01.24"]

1. e4 d6 2. d4 g6 3. Nf3 Bg7 4. Be3 Nf6 5. Nbd2 O-O 6. Bc4 Nbd7 7. O-O c6 8. a4
b6 9. c3 e5 10. Bg5 Qc7 11. Qb3 h6 12. Bh4 a5 13. Rad1 Ba6 14. Bxa6 Rxa6 15.
Qc4 Qb7 16. dxe5 dxe5 17. Nb3 b5 18. axb5 cxb5 19. Qd3 a4 20. Bxf6 Bxf6 21.
Qxd7 Qxd7 22. Rxd7 axb3 23. Rd5 Ra2 24. Rxb5 Rxb2 1/2-1/2

[Event "C.to Provinciale MI"]
[Site "Milano ITA"]
[Date "2013.01.26"]
[Round "4"]
[White "Campa, Livio"]
[Black "Verderame, Alberto"]
[WhiteElo "1440"]
[BlackElo "1403"]
[Result "0-1"]
[PlyCount "79"]
[EventDate "2013.01.24"]

1. c4 c6 2. Nc3 e6 3. e4 d5 4. d4 dxe4 5. Nxe4 Bb4+ 6. Bd2 Bxd2+ 7. Qxd2 Nf6 8.
Nxf6+ Qxf6 9. Nf3 O-O 10. Bd3 Nd7 11. O-O e5 12. Qc2 g6 13. dxe5 Nxe5 14. Nxe5
Qxe5 15. Rfe1 Qg5 16. Re3 b6 17. Rae1 Bb7 18. Rg3 Qf6 19. Be4 Rfe8 20. Ree3
Rab8 21. Rgf3 Qh4 22. Rh3 Qg4 23. Re2 c5 24. Bf3 Bxf3 25. Rxf3 Rxe2 26. Qxe2
Rd8 27. b3 Qd4 28. h3 Qd1+ 29. Qxd1 Rxd1+ 30. Kh2 Re1 31. Kg3 Kf8 32. Kf4 Re2
33. a4 Ke7 34. Kg5 Re5+ 35. Kh6 Kf8 36. g4 Kg8 37. Rd3 f5 38. Rd8+ Kf7 39. g5
Re4 40. h4 0-1

[Event "C.to Provinciale MI"]
[Site "Milano ITA"]
[Date "2013.01.26"]
[Round "4"]
[White "Colombo, Abner"]
[Black "Tramontano, Fulvio"]
[WhiteElo "1356"]
[BlackElo "1428"]
[Result "0-1"]
[PlyCount "90"]
[EventDate "2013.01.24"]

1. c4 Nf6 2. Nc3 g6 3. g3 Bg7 4. e3 O-O 5. Bg2 c6 6. Nge2 d6 7. f3 Bd7 8. O-O
Na6 9. a3 Nc5 10. d4 Ne6 11. Rb1 Ne8 12. b4 a5 13. d5 N6c7 14. Na4 axb4 15.
axb4 Ra7 16. Nb6 Ra6 17. Nxd7 Qxd7 18. Nd4 cxd5 19. cxd5 Nxd5 20. Ne2 Nb6 21.
b5 Ra7 22. f4 Nc7 23. Nd4 Rfa8 24. Nb3 Qxb5 25. Nd2 Qa6 26. Qc2 Rc8 27. Qe4
Nbd5 28. Qf3 e6 29. h4 b5 30. e4 Ne7 31. h5 Rca8 32. f5 Qb6+ 33. Kh1 exf5 34.
h6 Bxh6 35. exf5 gxf5 36. g4 f4 37. Nc4 Qc5 38. Bxf4 Bxf4 39. Qxf4 Qxc4 40. Be4
Rf8 41. Rbc1 Qe6 42. Rce1 Ng6 43. Bxg6 Qxg6 44. Qf5 Qxf5 45. gxf5 Re8 0-1

[Event "C.to Provinciale MI"]
[Site "Milano ITA"]
[Date "2013.01.27"]
[Round "5"]
[White "Vezzosi, Paolo"]
[Black "Mariano, Elia"]
[WhiteElo "2303"]
[BlackElo "2162"]
[Result "1/2-1/2"]
[PlyCount "116"]
[EventDate "2013.01.24"]

1. d4 e6 2. Nf3 Nf6 3. c4 d5 4. Nc3 Nbd7 5. cxd5 exd5 6. Bg5 c6 7. e3 Be7 8.
Qc2 O-O 9. Bd3 Re8 10. O-O Nf8 11. Bxf6 Bxf6 12. b4 Bg4 13. Nd2 Rc8 14. Bf5
Bxf5 15. Qxf5 Re6 16. Nb3 Be7 17. b5 Bb4 18. Rac1 Rf6 19. Qd3 Rh6 20. Ne2 Qh4
21. h3 Re8 22. bxc6 bxc6 23. Nc5 g5 24. Ng3 Rf6 25. Nf5 Qh5 26. f3 Bxc5 27.
Rxc5 Ng6 28. Ra5 Ne7 29. Ng3 Qh4 30. Kh2 h5 31. Rxa7 g4 32. fxg4 hxg4 33. Rxf6
Qxf6 34. Qf1 Qxf1 35. Nxf1 Nf5 36. Ra3 gxh3 37. Kxh3 Nd6 38. Ra6 Nc4 39. Rxc6
Nxe3 40. Ng3 Ra8 41. Rc3 Nd1 42. Rc2 Ra3 43. Kh4 Rd3 44. Nf5 Ne3 45. Nxe3 Rxe3
46. a4 Ra3 47. Rc5 Rxa4 48. Rxd5 Kg7 49. Kg5 Ra2 50. g4 f6+ 51. Kf4 Kf7 52. Rf5
Ke7 53. Ke4 Rg2 54. Rf4 Rd2 55. Rf3 Rg2 56. Kf5 Rd2 57. Ke4 Rg2 58. Rf4 Ra2
1/2-1/2

[Event "C.to Provinciale MI"]
[Site "Milano ITA"]
[Date "2013.01.27"]
[Round "5"]
[White "Iudicello, Giovanni"]
[Black "Andreoni, Giuseppe"]
[WhiteElo "2130"]
[BlackElo "2121"]
[Result "1-0"]
[PlyCount "51"]
[EventDate "2013.01.24"]

1. e4 c5 2. Nf3 d6 3. d4 cxd4 4. Nxd4 Nf6 5. Nc3 a6 6. Bg5 Nbd7 7. Qd2 e6 8.
Be2 b5 9. a3 Bb7 10. f3 Be7 11. O-O-O d5 12. exd5 Nxd5 13. Bxe7 Qxe7 14. Nxd5
Bxd5 15. Nf5 exf5 16. Qxd5 O-O 17. Rd2 Qg5 18. Bd3 Rfd8 19. Qxf5 Qh6 20. h4
Rac8 21. Qg5 Qb6 22. Rhd1 Rc5 23. Qf4 Rdc8 24. Kb1 Ne5 25. Bf5 Qf6 26. Bxc8 1-0

[Event "C.to Provinciale MI"]
[Site "Milano ITA"]
[Date "2013.01.27"]
[Round "5"]
[White "Pelizzola, Danilo"]
[Black "Miracola, Giorgia"]
[WhiteElo "2084"]
[BlackElo "1874"]
[Result "1-0"]
[PlyCount "35"]
[EventDate "2013.01.24"]

1. e4 Nf6 2. Nc3 d5 3. exd5 Nxd5 4. Nxd5 Qxd5 5. Qf3 Qe5+ 6. Qe3 Qa5 7. Bc4 Bf5
8. Qb3 Qe5+ 9. Ne2 Be4 10. f3 Bc6 11. d4 Qf6 12. d5 Bd7 13. Qxb7 Qh4+ 14. g3
Qxc4 15. Qxa8 Qb4+ 16. c3 Qb6 17. Be3 Qxb2 18. Kf2 1-0